000 00358nam a2200145Ia 4500
008 191201s2005 xx 000 0 und d
082 _a658.452
_bBRS
100 _aBRADBURG, Andreuo
245 4 _aSuccessful Presentation Skills
250 _a2nd
260 _aN.Delhi
_bKogan Page India
_c2005
300 _a137
650 _aGeneral Books
942 _2ddc
_cBK
999 _c2152
_d2152